00829nam a2200229 a 4500008004100000020001500041050001700056100001900073245012100092260005300213300002300266350000900289490004200298490001100340500004100351650003400392650002400426650003500450650004400485650003400529710003600563060424s1996 ||||||||||||||||| || u a0948404965 aSB 950.7 Bri aHenderson, Ian10aSlug & snail pests in agriculture : proceedings of a symposium organised by the British Crop Protection Council .... aFarnham :bBritish Crop Protection Councilc1996 axiv, 450 p. : ill. a0.00 aBCPC symposium proceedings, 0306-3941 vno. 66 aIncludes bibliographical references. aSLUGS (MOLLUSKS) - CONGRESSES aSNAILS - CONGRESSES aAGRICULTURAL PESTS--CONGRESSES aSLUGS (MOLLUSKS) - CONTROL - CONGRESSES aSNAILS - CONTROL - CONGRESSES aMalacological Society of London